| 000 | 00621nam a22002057a 4500 | ||
|---|---|---|---|
| 003 | OSt | ||
| 005 | 20231026084418.0 | ||
| 008 | 160715b xxu||||| |||| 00| 0 eng d | ||
| 020 | _a1853154830 | ||
| 040 | _c040a | ||
| 082 | _aWB18 W97c 2001 | ||
| 100 |
_aWyatt, Jeremy C. _910224 |
||
| 245 |
_aClinical Knowledge and Practice in the Information age: _ba handbook for health proffesionals |
||
| 260 |
_aLondon _bThe royal society of medicine press _c2001 |
||
| 300 |
_aix, 93p; _bill : _c18 cm. |
||
| 504 | _aIncludes index | ||
| 650 |
_aClinical skills _910225 |
||
| 650 |
_aHuman medicine _912292 |
||
| 942 |
_2z _cO_SHELF |
||
| 999 |
_c4748 _d4748 |
||